Труды Государственного исторического музея. Вып. 199: Исторический музей - энциклопедия отечественной истории и культуры (Запись № 12080476)
[ простой вид ]
| 000 -МАРКЕР | |
|---|---|
| контрольное поле | 02162nam2a2200361 4500 |
| 001 - ИДЕНТИФИКАТОР ЗАПИСИ | |
| контрольное поле | RU\NLR\BIBL_A\011517650 |
| 005 - ИДЕНТИФИКАТОР ВЕРСИИ | |
| контрольное поле | 20250626083013.0 |
| 010 ## - МЕЖДУНАРОДНЫЙ СТАНДАРТНЫЙ НОМЕР КНИГИ (ISBN) | |
| Номер (ISBN) | 978-5-89076-242-9 |
| Тираж | 300 |
| 035 ## - ДРУГИЕ СИСТЕМНЫЕ НОМЕРА | |
| Идентификатор записи | (NLR Aleph) 011517650 |
| 100 ## - ДАННЫЕ ОБЩЕЙ ОБРАБОТКИ | |
| Данные общей обработки | 20171108d2015 |||y0rusy50 ca |
| 101 0# - ЯЗЫК РЕСУРСА | |
| Язык текста, звукозаписи и т.д. | русский |
| 102 ## - СТРАНА ПУБЛИКАЦИИ ИЛИ ПРОИЗВОДСТВА | |
| Страна публикации | Российская Федерация |
| 105 ## - ПОЛЕ КОДИРОВАННЫХ ДАННЫХ: ТЕКСТОВЫЕ МАТЕРИАЛЫ, МОНОГРАФИЧЕСКИЕ | |
| Кодированные данные о монографическом текстовом документе | ac z 000yy |
| 200 1# - ЗАГЛАВИЕ И СВЕДЕНИЯ ОБ ОТВЕТСТВЕННОСТИ | |
| Основное заглавие | Исторический музей - энциклопедия отечественной истории и культуры |
| Первые сведения об ответственности | отв. ред. к.ист.н. А.Д. Яновский |
| 210 ## - ПУБЛИКАЦИЯ, РАСПРОСТРАНЕНИЕ И ДР. | |
| Дата издания, распространения и т.д. | 2015 |
| Место издания, распространения и т.д. | Б. м. |
| 215 ## - ФИЗИЧЕСКАЯ ХАРАКТЕРИСТИКА | |
| Специфическое обозначение материала и объем | 438, [1] с. |
| Другие сведения о физической характеристике | ил., портр. |
| Размеры | 21 |
| 225 2# - СЕРИЯ | |
| Основное заглавие серии | Труды Государственного исторического музея |
| Обозначение тома | вып. 199 |
| Наименование части | Забелинские научные чтения |
| Обозначение тома | 2012 |
| 320 ## - ПРИМЕЧАНИЯ О НАЛИЧИИ В ДОКУМЕНТЕ БИБЛИОГРАФИИ / УКАЗАТЕЛЯ | |
| Текст примечания | Библиогр. в конце ст. |
| 461 #0 - УРОВЕНЬ НАБОРА | |
| Встроенное поле | 001RU\NLR\INFOCOMM16\1000046938 |
| -- | 2001#$aТруды Государственного исторического музея$vВып. 199 |
| Системный номер (АБИС) связанной записи | 2283971 |
| Автор | Государственный исторический музей (Москва) |
| Место публикации | М. |
| Дата публикации | 1926 - |
| Имя издателя, распространителя и т.д. | Советская Россия |
| Заглавие | Труды Государственного исторического музея |
| Номер тома | Вып. 199 |
| 462 #0 - УРОВЕНЬ ПОДНАБОРА | |
| Встроенное поле | 001RU\NLR\INFOCOMM29\5000117819 |
| -- | 2001#$aЗабелинские научные чтения$v2012 |
| Системный номер (АБИС) связанной записи | 2149613 |
| Место публикации | М. |
| Дата публикации | 1995- |
| Имя издателя, распространителя и т.д. | ГИМ |
| Заглавие | Труды Государственного исторического музея. - Забелинские научные чтения |
| Номер тома | 2012 |
| 601 02 - НАИМЕНОВАНИЕ ОРГАНИЗАЦИИ КАК ПРЕДМЕТ | |
| Начальный элемент ввода | Государственный исторический музей |
| Идентифицирующий признак | Москва, город |
| Формальный подзаголовок | Сборники |
| Системный номер авторитетной/нормативной записи | 2282204 |
| Идентификатор авторитетной/нормативной записи | RU\NLR\AUTH\661367259 |
| 606 1# - НАИМЕНОВАНИЕ ТЕМЫ КАК ПРЕДМЕТ | |
| Наименование темы | Музееведение |
| Формальный подзаголовок | Сборники |
| Географический подзаголовок | Российская Федерация |
| Системный номер авторитетной/нормативной записи | 2218636 |
| Идентификатор авторитетной/нормативной записи | RU\NLR\AUTH\6601565682 |
| 607 ## - ГЕОГРАФИЧЕСКОЕ НАИМЕНОВАНИЕ КАК ПРЕДМЕТ | |
| Географическое наименование | Россия |
| Формальный подзаголовок | Сборники |
| Тематический подзаголовок | История |
| Системный номер авторитетной/нормативной записи | 1554184 |
| Идентификатор авторитетной/нормативной записи | RU\NLR\AUTH\66979780 |
| 686 1# - ИНДЕКСЫ ДРУГИХ КЛАССИФИКАЦИЙ | |
| Индекс | Ч774(2Р)я43 |
| 686 1# - ИНДЕКСЫ ДРУГИХ КЛАССИФИКАЦИЙ | |
| Индекс | Т3(2)л61я43 |
| 686 1# - ИНДЕКСЫ ДРУГИХ КЛАССИФИКАЦИЙ | |
| Индекс | Т3(2)я43 |
| 702 #1 - ИМЯ ЛИЦА - ВТОРИЧНАЯ ОТВЕТСТВЕННОСТЬ | |
| Начальный элемент ввода | Яновский |
| Часть имени, кроме начального элемента ввода | А. Д. |
| Код отношения | Редактор |
| 852 ## - МЕСТОНАХОЖДЕНИЕ И ШИФР ХРАНЕНИЯ | |
| Идентификатор организации | NLR |
| Шифр хранения (Call Number) | П22/1557 |
| Публикуемое примечание | с вып. 17 (1947) |
| 942 ## - ДОПОЛНИТЕЛЬНЫЕ ЭЛЕМЕНТЫ ЗАПИСИ (АБИС) | |
| Тип экземпляра АБИС | Выпуск |
| 980 ## - КОЛЛЕКЦИЯ | |
| Название коллекции | Национальная библиография |
| 980 ## - КОЛЛЕКЦИЯ | |
| Название коллекции | Русская периодика |
Нет доступных экземпляров.